02269nam a2200397 a 4500001001200000003000800012006001900020007001500039008004100054020001800095020001500113040002100128035002100149050002300170110011100193245051500304260005700819300002300876504005200899533015200951650004701103650004201150650004601192650004801238650003501286655002901321700002001350700002801370700002301398710015701421710006901578710006601647710001701713856012601730999001501856ebr10286186CaPaEBRm u cr cn|||||||||090930s2009 dcua sb 100 0 eng d z9780309127493 z0309127491 aCaPaEBRcCaPaEBR a(OCoLC)64990074714aRA393b.I57 2009eb2 aInstitute of Medicine (U.S.).bForum on the Science of Health Care Quality Improvement and Implementation.10aToward health equity and patient-centerednessh[electronic resource] :bintegrating health literacy, disparities reduction, and quality improvement : workshop summary /cSamantha Chao, Karen Anderson, and Lyla Hernandez, rapporteurs ; Forum on the Science of Health Care Quality Improvement and Implementation, Roundtable on Health Disparities, Roundtable on Health Literacy, Board on Health Care Services, Board on Population Health and Public Health Practice, Institute of Medicine of the National Academies. aWashington, D.C. :bNational Academies Press,c2009. axvi, 85 p. :bill. aIncludes bibliographical references (p. 75-77). aElectronic reproduction.bPalo Alto, Calif. :cebrary,d2013.nAvailable via World Wide Web.nAccess may be limited to ebrary affiliated libraries. 0aHealth services accessibilityvCongresses. 0aEqualityxHealth aspectsvCongresses. 0aPublic health administrationvCongresses. 0aMedical policyxSocial aspectsvCongresses. 0aMedical carexQuality control. 7aElectronic books.2local1 aChao, Samantha.1 aAnderson, Karen,d1948-1 aHernandez, Lyla M.2 aInstitute of Medicine (U.S.).bPlanning Committee for a Workshop on Promoting Health Quality: Quality Improvement in Underserved Populations and Areas.2 aInstitute of Medicine (U.S.).bRoundtable on Health Disparities.2 aInstitute of Medicine (U.S.).bRoundtable on Health Literacy.2 aebrary, Inc.40uhttp://site.ebrary.com/lib/rucke/Doc?id=10286186zAn electronic book accessible through the World Wide Web; click to view c2075d2075